01093nam a2200193 a 450000100100000000500170001000800410002704000250006808200160009310000430010924502300015226000790038230000200046149000530048183000580053495201760059295201140076899900170088200003143420200930062928.0110622s1938 dr 000 0 spa d aDO-SdBNPbspacBNPHU axxxxbF911d1 aFrier, Julio Ortega,d1988-195395784010aDiscurso del licenciado Julio Ortega Frier, rector de la Universidad de Santo Domingo, pronunciado en el acto académico celebrado el 28 de octubre de 1938 con motivo del cuarto centenario de la erección de la Universidad. aCiudad Trujillo, República Dominicana :bImpreta Listín Diario,c1938. a26 p. ;c23 cm.1 aPublicaciones de la Universidad de Santo Domingo 0aPublicaciones de la Universidad de Santo Domingo9818 001050718RVaPDbPDcHDd2011-06-22iLF1l0oxxxx F911dp31434-10r2020-06-25w2020-06-25y1zPerteneció a la biblioteca personal de Julio Ortega Frier.ZNo se presta 001050718RVaPDbPDcCTd2011-07-01iLF1l0oxxxx F911dp31434-20r2020-06-25w2020-06-25y1ZNo se presta c30926d30926